One Piece Fathers - Statistics

General Stats
  • This quiz has been taken 249 times
  • The average score is 12 of 16
Answer Stats
Hint Answer % Correct
Monkey D. Luffy Monkey D. Dragon
99%
Portgas D. Ace Gol D. Roger
98%
Usopp Yasopp
98%
Yamato Kaido
97%
Monkey D. Dragon Monkey D. Garp
97%
Kozuki Momonosuke Kozuki Oden
94%
Nefertari Vivi Nefertari Cobra
90%
Marshall D. Teach Rocks D. Xebec
87%
Shirahoshi Neptune
86%
Sanji Vinsmoke Judge
86%
Helmeppo Morgan
84%
Capone Pez Capone "Gang" Bege
72%
Rebecca Kyros
67%
Charlotte Lola Pound
36%
Conis Pagaya
26%
Koza Toto
25%
No matching quizzes found
Score Distribution
Percent of People with Each Score
Percentile by Number Answered
Your Score History
You have not taken this quiz